<?xml version="1.0" encoding="UTF-8"?><?xml-stylesheet type="text/xsl" href="static/style.xsl"?><OAI-PMH xmlns="http://www.openarchives.org/OAI/2.0/" xmlns:xsi="http://www.w3.org/2001/XMLSchema-instance" xsi:schemaLocation="http://www.openarchives.org/OAI/2.0/ http://www.openarchives.org/OAI/2.0/OAI-PMH.xsd"><responseDate>2026-04-14T17:43:27Z</responseDate><request verb="GetRecord" identifier="oai:uvadoc.uva.es:10324/1900" metadataPrefix="marc">https://uvadoc.uva.es/oai/request</request><GetRecord><record><header><identifier>oai:uvadoc.uva.es:10324/1900</identifier><datestamp>2021-06-23T16:45:15Z</datestamp><setSpec>com_10324_30605</setSpec><setSpec>com_10324_894</setSpec><setSpec>col_10324_41</setSpec></header><metadata><record xmlns="http://www.loc.gov/MARC21/slim" xmlns:doc="http://www.lyncode.com/xoai" xmlns:xsi="http://www.w3.org/2001/XMLSchema-instance" xmlns:dcterms="http://purl.org/dc/terms/" xsi:schemaLocation="http://www.loc.gov/MARC21/slim http://www.loc.gov/standards/marcxml/schema/MARC21slim.xsd">
<leader>00925njm 22002777a 4500</leader>
<datafield tag="042" ind1=" " ind2=" ">
<subfield code="a">dc</subfield>
</datafield>
<datafield tag="720" ind1=" " ind2=" ">
<subfield code="a">Prieto Castañeda, Natalia</subfield>
<subfield code="e">author</subfield>
</datafield>
<datafield tag="260" ind1=" " ind2=" ">
<subfield code="c">2012</subfield>
</datafield>
<datafield tag="520" ind1=" " ind2=" ">
<subfield code="a">Esta investigación está dedicada fundamentalmente a la aplicación de nuevos métodos de análisis de datos para mejorar los resultados obtenidos por los sistemas de valoración sensorial electrónica.  Los métodos desarrollados entregaron soluciones fiables, robustas, &#xd;
y lo más importante adecuadas y adaptadas concretamente a la necesidad &#xd;
específica del problema de partida. &#xd;
&#xd;
Una parte fundamental del trabajo ha sido la modificación, estimación e  integración de diferentes algoritmos de procesado de señales. Entre ellos se han  aplicado algoritmos multivariantes como el PCA (Análisis de componentes  principales), PLS (Regresión por mínimos cuadrados parciales), y métodos  quimiométricos avanzados como el Tucker3, el ANOVA-PLS y el PLS-GA.&#xd;
&#xd;
De esta manera se ha evaluado y demostrado el potencial que tienen la nariz y  lengua electrónica diseñadas en nuestro grupo de investigación para el control  de calidad y caracterización organoléptica de vinos. Con estos dispositivos  electrónicos y nuestros tratamientos quimiométricos ha sido posible llegar a un conocimiento más profundo de los fenómenos que tienen lugar en diversas situaciones vinculadas a la aplicación de nuevas tecnologías en la elaboración del vino, como  son el uso de métodos alternativos para su envejecimiento, el uso del tapón sintético para su embotellado y el efecto de la  fermentación barrica de roble en los vinos blancos.</subfield>
</datafield>
<datafield tag="024" ind2=" " ind1="8">
<subfield code="a">http://uvadoc.uva.es/handle/10324/1900</subfield>
</datafield>
<datafield tag="024" ind2=" " ind1="8">
<subfield code="a">b1650004</subfield>
</datafield>
<datafield tag="024" ind2=" " ind1="8">
<subfield code="a">10.35376/10324/1900</subfield>
</datafield>
<datafield ind1=" " ind2=" " tag="653">
<subfield code="a">Redes de sensores</subfield>
</datafield>
<datafield ind1=" " ind2=" " tag="653">
<subfield code="a">Semiconductores</subfield>
</datafield>
<datafield ind1=" " ind2=" " tag="653">
<subfield code="a">Análisis multivariante</subfield>
</datafield>
<datafield ind1=" " ind2=" " tag="653">
<subfield code="a">Vinos y vinificación</subfield>
</datafield>
<datafield ind1=" " ind2=" " tag="653">
<subfield code="a">Quimiometría</subfield>
</datafield>
<datafield tag="245" ind1="0" ind2="0">
<subfield code="a">Implementación de un sistema de evaluación sensorial electrónico para el control de calidad de vinos</subfield>
</datafield>
</record></metadata></record></GetRecord></OAI-PMH>